सफ़लता के लिए सही सोच / (Record no. 10935)

MARC details
000 -LEADER
fixed length control field 01050 a2200217 4500
005 - DATE AND TIME OF LATEST TRANSACTION
control field 20080829151553.0
008 - FIXED-LENGTH DATA ELEMENTS--GENERAL INFORMATION
fixed length control field 080829t xxu||||| |||| 00| 0 hin d
010 ## - LIBRARY OF CONGRESS CONTROL NUMBER
LC control number HIN-82726
020 ## - INTERNATIONAL STANDARD BOOK NUMBER
International Standard Book Number 8190231456
Terms of availability 120.00
035 ## - SYSTEM CONTROL NUMBER
System control number HN-55072
037 ## - SOURCE OF ACQUISITION
Source of stock number/acquisition पु.प्र.अ.प्र/प्रका
082 ## - DEWEY DECIMAL CLASSIFICATION NUMBER
Classification number 158.1
100 ## - MAIN ENTRY--PERSONAL NAME
Personal name ज़र्रा
245 ## - TITLE STATEMENT
Title सफ़लता के लिए सही सोच /
Statement of responsibility, etc ज़र्रा
246 ## - VARYING FORM OF TITLE
Title proper/short title Safalta ke liye sahi soch
Remainder of title by Zarra
260 ## - PUBLICATION, DISTRIBUTION, ETC. (IMPRINT)
Place of publication, distribution, etc कानपुर
Name of publisher, distributor, etc समता प्रकाशन
Date of publication, distribution, etc 2007
270 ## - ADDRESS
Address 6, शास्त्रीनगर, रूपा
City कानपुर
Postal code 209303
Telephone number मो. 9450139012
300 ## - PHYSICAL DESCRIPTION
Extent 120पृ
Dimensions 22 सेमी (सजिल्द)
942 ## - ADDED ENTRY ELEMENTS (KOHA)
Institution code [OBSOLETE] dpl
Call number prefix 158.1 / ज़र्रास
Koha item type Hindi Books
Source of classification or shelving scheme Dewey Decimal Classification
Classification part 158.1
Call number suffix ज़र्रास
Holdings
Withdrawn status Lost status Damaged status Not for loan Home library Current library Date acquired Cost, normal purchase price Total Checkouts Full call number Barcode Date last seen Copy number Uniform Resource Identifier Cost, replacement price Price effective from Koha item type
        D.B.Act.Division D.B.Act.Division   120.00   158.1 ज़र्रास HN-55072 15/09/2008 1 12036 120.00 15/09/2008 Hindi Books

© Delhi Public Library
Hit Counter
free hit counter